[Event "Landesliga Sued 0405"]
[Site "Bayern"]
[Date "2005.01.16"]
[Round "5.3"]
[White "Stadler, Simon"]
[Black "Schuette, Manfred"]
[Result "0-1"]
[WhiteElo "2118"]
[BlackElo "2233"]
[PlyCount "120"]
[EventDate "2004.10.24"]
[EventType "team-tourn"]
[EventRounds "9"]
[EventCountry "GER"]
[SourceTitle "EXT 2007"]
[Source "ChessBase"]
[SourceDate "2006.11.23"]
[SourceVersion "1"]
[SourceVersionDate "2006.11.23"]
[SourceQuality "1"]
[WhiteTeam "Waldkirchen"]
[BlackTeam "Bayern Muenchen II"]
[WhiteTeamCountry "GER"]
[BlackTeamCountry "GER"]

1. e4 c5 2. Nf3 d6 3. d4 cxd4 4. Nxd4 Nf6 5. Nc3 a6 6. Bg5 e6 7. f4 Be7 8. Qf3 Qc7 9. 0-0-0 Nc6 10. Be2 Bd7 11. Qg3 Rc8 12. Kb1 h6 13. Bxf6 Bxf6 14. Ndb5 axb5 15. Nxb5 Qa5 16. Nxd6+ Kf8 17. Nxc8 Bxc8 18. e5 Be7 19. Qb3 g6 20. h4 Kg7 21. Bf3 Rd8 22. Rxd8 Bxd8 23. Bxc6 bxc6 24. Qd3 Ba6 25. Qd4 c5 26. Qe4 Qb6 27. h5 Bb7 28. Qe2 g5 29. fxg5 Bxg5 30. Rd1 Bd5 31. c4 Bc6 32. g4 Qb7 33. Rf1 Bg2 34. Rf2 Be4+ 35. Ka1 f5 36. exf6+ Bxf6 37. Qf1 Bd4 38. Rd2 Bf3 39. Rc2 Qe4 40. Rc1 Bxg4 41. Qh1 Qe2 42. Qb7+ Kf6 43. Qb8 Bxh5 44. Qf8+ Kg5 45. Qd8+ Kg4 46. Qg8+ Kf3 47. Qa8+ Kf2 48. Qb8 e5 49. Qb3 Bg6 50. Rh1 Be4 51. Rh2+ Bg2 52. a4 h5 53. a5 Qe1+ 54. Ka2 Qxa5+ 55. Kb1 Qe1+ 56. Ka2 Qe2 57. Ka3 Kg1 58. Rh4 Bf2 59. Rh3 Bxh3 60. Qxh3 Qg4 0-1

[Event "Landesliga Sued 0405"]
[Site "Bayern"]
[Date "2004.11.14"]
[Round "2.3"]
[White "Zach, Andreas"]
[Black "Stadler, Simon"]
[Result "1-0"]
[WhiteElo "2265"]
[BlackElo "2118"]
[PlyCount "73"]
[EventDate "2004.10.24"]
[EventType "team-tourn"]
[EventRounds "9"]
[EventCountry "GER"]
[SourceTitle "EXT 2007"]
[Source "ChessBase"]
[SourceDate "2006.11.23"]
[SourceVersion "1"]
[SourceVersionDate "2006.11.23"]
[SourceQuality "1"]
[WhiteTeam "Groebenzell"]
[BlackTeam "Waldkirchen"]
[WhiteTeamCountry "GER"]
[BlackTeamCountry "GER"]

1. e4 c5 2. Nf3 e6 3. c3 Nf6 4. Bd3 d5 5. e5 Nfd7 6. Bc2 Be7 7. d4 Nc6 8. a3 Nb6 9. 0-0 Bd7 10. Nbd2 cxd4 11. cxd4 Rc8 12. b4 0-0 13. Nb3 f6 14. exf6 Bxf6 15. Qd3 g6 16. Nc5 e5 17. dxe5 Nxe5 18. Nxe5 Bxe5 19. Ra2 Bf5 20. Qd1 Qd6 21. f4 Bxc2 22. fxe5 Bxd1 23. exd6 Rxf1+ 24. Kxf1 Rd8 25. Bf4 Rf8 26. Rf2 g5 27. Bxg5 Rxf2+ 28. Kxf2 Bg4 29. a4 Bc8 30. Ke3 Nc4+ 31. Kd4 Nxd6 32. Kxd5 Ne8 33. Bf4 Kf7 34. Be5 b6 35. Ne4 Bb7+ 36. Kd4 Ng7 37. Nd6+ 1-0

[Event "Landesliga Sued 0405"]
[Site "Bayern"]
[Date "2004.10.24"]
[Round "1.3"]
[White "Joerg, Harald"]
[Black "Stadler, Simon"]
[Result "1/2-1/2"]
[WhiteElo "2189"]
[BlackElo "2118"]
[PlyCount "125"]
[EventDate "2004.10.24"]
[EventType "team-tourn"]
[EventRounds "9"]
[EventCountry "GER"]
[SourceTitle "EXT 2007"]
[Source "ChessBase"]
[SourceDate "2006.11.23"]
[SourceVersion "1"]
[SourceVersionDate "2006.11.23"]
[SourceQuality "1"]
[WhiteTeam "Muenchen Siemens"]
[BlackTeam "Waldkirchen"]
[WhiteTeamCountry "GER"]
[BlackTeamCountry "GER"]

1. e4 d5 2. exd5 Qxd5 3. Nc3 Qa5 4. Bc4 c6 5. d3 Bf5 6. Nge2 e6 7. 0-0 Nd7 8. Bf4 Ngf6 9. a3 Qd8 10. Ng3 Bg6 11. Qe2 Nb6 12. Bb3 Be7 13. Rae1 0-0 14. h4 h5 15. Bg5 Nh7 16. Bxe7 Qxe7 17. Nge4 Qxh4 18. g3 Qe7 19. f4 Nd7 20. Qf2 Bf5 21. Kg2 Ndf6 22. Nd1 Ng4 23. Qf3 Rfd8 24. Nef2 Nhf6 25. Ne3 Nxe3+ 26. Qxe3 Qd6 27. Ne4 Bxe4+ 28. dxe4 Qd2+ 29. Qxd2 Rxd2+ 30. Rf2 Rad8 31. Ree2 R2d4 32. Kf3 Ng4 33. Rf1 c5 34. Rfe1 c4 35. Ba2 b5 36. c3 Rd3+ 37. Kg2 a5 38. a4 bxa4 39. Bxc4 Rd1 40. Bb5 Rxe1 41. Rxe1 Rd1 42. Kf1 Rxe1+ 43. Kxe1 Nf6 44. Bc6 e5 45. Ke2 exf4 46. gxf4 Kf8 47. Kf3 a3 48. bxa3 Ke7 49. e5 Nd7 50. Ke3 Nc5 51. f5 g6 52. Kd4 Nd7 53. fxg6 fxg6 54. Bd5 g5 55. Ke4 h4 56. Kf5 h3 57. Kxg5 Nxe5 58. Kf4 Kd6 59. Bh1 Nc4 60. Kg3 Nxa3 61. Kxh3 Kc5 62. Bf3 Nb5 63. Bd1 1/2-1/2

[Event "Nuremberg LGA Cup"]
[Site "Nuremberg"]
[Date "2004.09.12"]
[Round "4"]
[White "Rosenberger, Frank"]
[Black "Stadler, Simon"]
[Result "0-1"]
[WhiteElo "2208"]
[BlackElo "2179"]
[PlyCount "120"]
[EventDate "2004.09.10"]
[EventType "swiss"]
[EventRounds "5"]
[EventCountry "GER"]
[SourceTitle "CBM 102 Extra"]
[Source "ChessBase"]
[SourceDate "2004.11.03"]
[SourceVersion "1"]
[SourceVersionDate "2004.11.03"]
[SourceQuality "1"]

1. e4 c5 2. Nf3 e6 3. Nc3 d6 4. d4 cxd4 5. Nxd4 Nf6 6. Be2 Be7 7. 0-0 0-0 8. f4 a6 9. a4 Qc7 10. Kh1 Nc6 11. Be3 Bd7 12. Nb3 b6 13. Bf3 Rab8 14. Qe2 Bc8 15. g4 Bb7 16. g5 Nd7 17. Bg2 Nb4 18. Rad1 Rfe8 19. Rd2 Bf8 20. Qf2 Rbc8 21. Rfd1 Qb8 22. Nb1 Rc4 23. Na3 Rxe4 24. c3 Rxe3 25. Qxe3 Bxg2+ 26. Rxg2 Nc6 27. Qf3 Qc7 28. Nc2 d5 29. Ne3 Nc5 30. Nxc5 bxc5 31. Ng4 Ne7 32. Rdg1 Ng6 33. Rf2 c4 34. Rgf1 Bc5 35. Re2 Bd6 36. Ne5 Bxe5 37. fxe5 Re7 38. Qg3 Qc6 39. a5 Rb7 40. h4 Ne7 41. Kh2 Nf5 42. Qf2 Qc7 43. Ra1 g6 44. Kh3 Kg7 45. Kg4 h5+ 46. gxh6+ Nxh6+ 47. Kh3 Nf5 48. Qf4 Rb8 49. Rh1 Rh8 50. h5 Rxh5+ 51. Kg2 Rxh1 52. Kxh1 Qxa5 53. Qg5 Qa1+ 54. Kg2 Qd1 55. Qf6+ Kg8 56. Rf2 Qg4+ 57. Kh1 Qe4+ 58. Kh2 Qe3 59. Kg1 Qg3+ 60. Kf1 Qd3+ 0-1

[Event "Nuremberg LGA Cup"]
[Site "Nuremberg"]
[Date "2004.09.11"]
[Round "2"]
[White "Redzepovic, Irfan"]
[Black "Stadler, Simon"]
[Result "0-1"]
[WhiteElo "1926"]
[BlackElo "2179"]
[PlyCount "80"]
[EventDate "2004.09.10"]
[EventType "swiss"]
[EventRounds "5"]
[EventCountry "GER"]
[SourceTitle "CBM 102 Extra"]
[Source "ChessBase"]
[SourceDate "2004.11.03"]
[SourceVersion "1"]
[SourceVersionDate "2004.11.03"]
[SourceQuality "1"]

1. e4 c5 2. Nf3 e6 3. d4 cxd4 4. Nxd4 Bc5 5. Nb3 Bb6 6. Nc3 Ne7 7. Bg5 0-0 8. Qh5 Nbc6 9. Bd3 f6 10. Bh4 a5 11. a4 Nb4 12. 0-0-0 Bc7 13. Bg3 Nxd3+ 14. Rxd3 g6 15. Qh6 d5 16. Rhd1 Bxg3 17. hxg3 Qc7 18. Rh1 Rf7 19. g4 Bd7 20. Rdh3 g5 21. g3 Rc8 22. Nd4 e5 23. Nxd5 Nxd5 24. Qg6+ Rg7 25. Qxg7+ Kxg7 26. Rxh7+ Kf8 27. Rh8+ Ke7 28. R8h7+ Kd6 29. Nb5+ Bxb5 30. Rxc7 Nxc7 31. axb5 Nxb5 32. Rd1+ Ke6 33. Rd5 Nd6 34. f3 b6 35. b3 Rc5 36. Rd1 Rc3 37. Rf1 b5 38. Rf2 b4 39. Kd1 Nb5 40. f4 Rxg3 0-1

[Event "Landesliga Sued 0304"]
[Site "Bayern"]
[Date "2003.12.14"]
[Round "4.5"]
[White "Boehm, Uwe"]
[Black "Stadler, Simon"]
[Result "1/2-1/2"]
[WhiteElo "2138"]
[BlackElo "2006"]
[PlyCount "104"]
[EventDate "2003.10.12"]
[EventType "team-tourn"]
[EventRounds "9"]
[EventCountry "GER"]
[SourceTitle "EXT 2006"]
[Source "ChessBase"]
[SourceDate "2005.11.24"]
[SourceVersion "1"]
[SourceVersionDate "2005.11.24"]
[SourceQuality "1"]
[WhiteTeam "Muenchen Siemens"]
[BlackTeam "Waldkirch"]
[WhiteTeamCountry "GER"]
[BlackTeamCountry "GER"]

1. d4 d5 2. Nf3 c6 3. e3 e6 4. c4 Bd6 5. Bd3 f5 6. 0-0 Qf6 7. b3 Ne7 8. Ba3 Bxa3 9. Nxa3 Nd7 10. Qc1 0-0 11. b4 e5 12. dxe5 Nxe5 13. Nxe5 Qxe5 14. f4 Qf6 15. Qc2 Be6 16. Rad1 Rad8 17. b5 d4 18. Qf2 cxb5 19. Nxb5 dxe3 20. Qxe3 a6 21. Rfe1 axb5 22. Qxe6+ Qxe6 23. Rxe6 bxc4 24. Bxc4 Rxd1+ 25. Re1+ Kh8 26. Rxd1 h6 27. Rd7 Nc6 28. Rxb7 Rd8 29. Rc7 Nb4 30. a4 Nd5 31. Bxd5 Rxd5 32. Rc4 Rd2 33. h4 Kh7 34. h5 Ra2 35. Kh2 Ra3 36. Rb4 g6 37. g3 g5 38. Rb7+ Kg8 39. fxg5 hxg5 40. Rb5 Rxa4 41. Rxf5 g4 42. Rf4 Ra2+ 43. Kg1 Ra1+ 44. Kf2 Ra2+ 45. Ke1 Ra1+ 46. Kd2 Ra2+ 47. Kc1 Ra1+ 48. Kb2 Rh1 49. Rxg4+ Kh7 50. Kc3 Kh6 51. Kd4 Kxh5 52. Rg8 Re1 1/2-1/2

[Event "Niederbayern-chT 0001"]
[Site "Niederbayern"]
[Date "2001.??.??"]
[Round "9.1"]
[White "Vachal, Josef"]
[Black "Stadler, Simon"]
[Result "1/2-1/2"]
[WhiteElo "2205"]
[BlackElo "2179"]
[PlyCount "24"]
[EventDate "2000.10.??"]
[EventType "team"]
[EventRounds "9"]
[EventCountry "GER"]
[SourceTitle "EXT 2002"]
[Source "ChessBase"]
[SourceDate "2001.11.25"]
[SourceVersion "1"]
[SourceVersionDate "2001.11.25"]
[SourceQuality "1"]
[WhiteTeam "Deggendorf"]
[BlackTeam "Vilshofen"]
[WhiteTeamCountry "GER"]
[BlackTeamCountry "GER"]

1. e4 d6 2. d4 Nf6 3. Nc3 c6 4. Nf3 Bg4 5. h3 Bh5 6. Bd3 e6 7. 0-0 d5 8. exd5 cxd5 9. Be2 Be7 10. Ne5 Bxe2 11. Qxe2 0-0 12. Bg5 Qb6 1/2-1/2